[Event "Foment Martinenc op-B 15th"]
[Site "Barcelona"]
[Date "2013.06.01"]
[Round "7"]
[White "Espejo Arnau, Sergi"]
[Black "Ventura Solans, Victor"]
[Result "0-1"]
[WhiteElo "1639"]
[BlackElo "1646"]
[PlyCount "58"]
[EventDate "2013.04.20"]
[EventType "swiss"]
[EventRounds "9"]
[EventCountry "ESP"]
[SourceTitle "CBM 154 Extra"]
[Source "ChessBase"]
[SourceDate "2013.06.25"]
[SourceVersion "2"]
[SourceVersionDate "2013.06.25"]
[SourceQuality "1"]

1. e4 e5 2. Nf3 Nc6 3. d4 exd4 4. c3 dxc3 5. Bc4 h6 6. Nxc3 Bb4 7. 0-0 Bxc3 8. bxc3 d6 9. Qb3 Qf6 10. Bb5 Nge7 11. Bb2 0-0 12. c4 Qg6 13. Rfe1 Rb8 14. Qc3 Be6 15. Ba4 f6 16. Bc2 Ne5 17. c5 Nxf3+ 18. Qxf3 dxc5 19. Rac1 b6 20. Re3 Qg4 21. Bb3 Kh8 22. Bxe6 Qxe6 23. Qg3 Qxa2 24. Bc3 c6 25. e5 Nf5 26. Qg6 fxe5 27. Rxe5 Qxf2+ 28. Kh1 Nh4 29. h3 Nxg6 0-1

[Event "Foment Martinenc op-B 15th"]
[Site "Barcelona"]
[Date "2013.05.18"]
[Round "5"]
[White "Solis Calancha, Jordi"]
[Black "Ventura Solans, Victor"]
[Result "0-1"]
[WhiteElo "1700"]
[BlackElo "1646"]
[PlyCount "72"]
[EventDate "2013.04.20"]
[EventType "swiss"]
[EventRounds "9"]
[EventCountry "ESP"]
[SourceTitle "CBM 154 Extra"]
[Source "ChessBase"]
[SourceDate "2013.06.25"]
[SourceVersion "2"]
[SourceVersionDate "2013.06.25"]
[SourceQuality "1"]

1. e4 e5 2. f4 exf4 3. Nf3 Nc6 4. Bc4 d6 5. d3 g5 6. h4 Bg4 7. Bxf7+ Kxf7 8. Nxg5+ Qxg5 9. hxg5 Bxd1 10. Kxd1 Bg7 11. c3 Ne5 12. Kc2 Ng6 13. Nd2 h6 14. Nf3 hxg5 15. Nxg5+ Ke7 16. Rf1 Rf8 17. d4 Rh2 18. Nf3 Rxg2+ 19. Bd2 Nf6 20. Rae1 Nd7 21. Rg1 Rxg1 22. Rxg1 Kf6 23. Ng5 Rh8 24. Nf3 Rh3 25. Ng5 Rh5 26. Nf3 Ndf8 27. d5 Bh6 28. c4 Ne5 29. Nd4 Nxc4 30. Bc3 Ne5 31. Nf5 Rh2+ 32. Kb3 Nfd7 33. Bd4 Nc5+ 34. Bxc5 dxc5 35. Rg8 f3 36. Ne3 Bxe3 0-1

[Event "Foment Martinenc op-B 15th"]
[Site "Barcelona"]
[Date "2013.04.20"]
[Round "1"]
[White "Aunes Cabanero, Jose"]
[Black "Ventura Solans, Victor"]
[Result "0-1"]
[WhiteElo "1565"]
[BlackElo "1646"]
[PlyCount "54"]
[EventDate "2013.04.20"]
[EventType "swiss"]
[EventRounds "9"]
[EventCountry "ESP"]
[SourceTitle "CBM 154 Extra"]
[Source "ChessBase"]
[SourceDate "2013.06.25"]
[SourceVersion "2"]
[SourceVersionDate "2013.06.25"]
[SourceQuality "1"]

1. e4 e5 2. Nf3 Nc6 3. Bb5 a6 4. Ba4 Bc5 5. 0-0 Nf6 6. Nc3 b5 7. Bb3 0-0 8. d3 d6 9. h3 h6 10. a4 b4 11. Ne2 Qe7 12. Bd2 a5 13. Rc1 Be6 14. Ng3 Nd4 15. Nxd4 Bxd4 16. c3 bxc3 17. bxc3 Bxb3 18. Qxb3 Bb6 19. Nf5 Qd7 20. Be3 Rab8 21. Qd1 Bxe3 22. fxe3 Kh7 23. Qf3 Qxa4 24. Nxg7 Rg8 25. Qxf6 Rxg7 26. Qf5+ Kg8 27. Qd7 Qxd7 0-1

[Event "Llinars del Valles op-B 6th"]
[Site "Llinars del Valles"]
[Date "2012.05.05"]
[Round "4"]
[White "Castillo Martinez, Eloi"]
[Black "Ventura Solans, Victor"]
[Result "1/2-1/2"]
[WhiteElo "1824"]
[BlackElo "1641"]
[PlyCount "86"]
[EventDate "2012.04.14"]
[EventType "swiss"]
[EventRounds "9"]
[EventCountry "ESP"]
[SourceTitle "EXT 2013"]
[Source "ChessBase"]
[SourceDate "2012.11.22"]
[SourceVersion "1"]
[SourceVersionDate "2012.11.22"]
[SourceQuality "1"]

1. e4 e5 2. Nf3 Nc6 3. d4 exd4 4. Nxd4 Bc5 5. Nb3 Bb6 6. Qe2 d6 7. Be3 Nf6 8. Nc3 0-0 9. 0-0-0 Re8 10. f3 Be6 11. h4 Bxe3+ 12. Qxe3 h5 13. Qg5 Nh7 14. Qg3 Bxb3 15. cxb3 a6 16. f4 Qc8 17. Be2 Nf6 18. Bf3 Re7 19. Qg5 Ng4 20. Nd5 Re6 21. Bxg4 hxg4 22. Qxg4 Rg6 23. Qxc8+ Rxc8 24. Rhg1 Rg3 25. Rd2 f6 26. Rc2 Kf7 27. Kb1 Ke6 28. Rc3 Rxc3 29. Nxc3 Rh8 30. g3 Nd4 31. Rd1 Nf3 32. Rd3 Nh2 33. Nd5 c6 34. Ne3 Rd8 35. Kc2 d5 36. Kd1 d4 37. Nf5 Ng4 38. Ke2 g6 39. Nxd4+ Ke7 40. Nf3 Rd6 41. Rxd6 Kxd6 42. e5+ Kd5 43. exf6 Nxf6 1/2-1/2

[Event "Llinars del Valles op-B 6th"]
[Site "Llinars del Valles"]
[Date "2012.04.28"]
[Round "3"]
[White "Montoro Balasch, Bernat"]
[Black "Ventura Solans, Victor"]
[Result "0-1"]
[WhiteElo "1791"]
[BlackElo "1641"]
[PlyCount "70"]
[EventDate "2012.04.14"]
[EventType "swiss"]
[EventRounds "9"]
[EventCountry "ESP"]
[SourceTitle "EXT 2013"]
[Source "ChessBase"]
[SourceDate "2012.11.22"]
[SourceVersion "1"]
[SourceVersionDate "2012.11.22"]
[SourceQuality "1"]

1. d4 Nf6 2. c4 c6 3. Nc3 d5 4. Bg5 dxc4 5. a4 h6 6. Bh4 g5 7. Bg3 Bg7 8. e3 Be6 9. Nf3 Nbd7 10. e4 Qa5 11. Nd2 0-0 12. e5 Nd5 13. Nxc4 Qb4 14. Qd2 b5 15. Ne3 Nxe3 16. fxe3 a6 17. a5 Rad8 18. Ne4 Qxd2+ 19. Nxd2 c5 20. Be2 cxd4 21. exd4 Nb8 22. Bf2 Nc6 23. Rc1 Nxd4 24. Bxd4 Rxd4 25. Bf3 Rfd8 26. Ne4 g4 27. Nc5 gxf3 28. Nxa6 Bxe5 29. gxf3 Rd2 30. b4 Bc4 31. Rxc4 bxc4 32. 0-0 Rxh2 33. f4 Rdd2 34. Rf3 Bd4+ 35. Kf1 Rh1# 0-1

[Event "Llinars del Valles op-B 6th"]
[Site "Llinars del Valles"]
[Date "2012.04.21"]
[Round "2"]
[White "Ventura Solans, Victor"]
[Black "Ribalta Bertran, Esteve"]
[Result "1-0"]
[WhiteElo "1641"]
[BlackElo "1827"]
[PlyCount "97"]
[EventDate "2012.04.14"]
[EventType "swiss"]
[EventRounds "9"]
[EventCountry "ESP"]
[SourceTitle "EXT 2013"]
[Source "ChessBase"]
[SourceDate "2012.11.22"]
[SourceVersion "1"]
[SourceVersionDate "2012.11.22"]
[SourceQuality "1"]

1. d4 d5 2. c4 Nc6 3. e3 Bf5 4. Qb3 e6 5. Qxb7 Nb4 6. Na3 Nf6 7. Qb5+ c6 8. Qa4 Qd7 9. Bd2 Rb8 10. c5 Nd3+ 11. Bxd3 Bxd3 12. Bc3 Ne4 13. Rd1 Nxc3 14. bxc3 Be4 15. Nf3 f6 16. Ke2 Qc7 17. Nb1 Kd7 18. Nbd2 Bg6 19. Nh4 Bh5+ 20. Nhf3 Bg6 21. Ne1 Qb7 22. Nd3 Bxd3+ 23. Kxd3 Qb5+ 24. Qxb5 cxb5 25. Rb1 Be7 26. Rb2 Rhc8 27. Rhb1 Kc6 28. Nb3 Bd8 29. Nd2 Bc7 30. e4 a6 31. exd5+ exd5 32. Re1 Re8 33. Rxe8 Rxe8 34. Nf3 g5 35. Re2 Rxe2 36. Kxe2 Ba5 37. Kd3 Bc7 38. Ne1 Bb8 39. Nc2 a5 40. g3 h5 41. h3 f5 42. Ke2 f4 43. Kf3 Bc7 44. Ne1 fxg3 45. fxg3 a4 46. Nd3 Kd7 47. h4 g4+ 48. Kf2 Kc6 49. Nb4+ 1-0

[Event "Cerdanyola del Valles op-B 29th"]
[Site "Cerdanyola del Valles"]
[Date "2011.10.01"]
[Round "1"]
[White "Alcayna Sanz, Enrique"]
[Black "Ventura Solans, Victor"]
[Result "1/2-1/2"]
[WhiteElo "1804"]
[BlackElo "1702"]
[PlyCount "125"]
[EventDate "2011.10.01"]
[EventType "swiss"]
[EventRounds "8"]
[EventCountry "ESP"]
[SourceTitle "EXT 2013"]
[Source "ChessBase"]
[SourceDate "2012.11.22"]
[SourceVersion "1"]
[SourceVersionDate "2012.11.22"]
[SourceQuality "1"]

1. c4 c6 2. Nc3 Nf6 3. g3 d5 4. cxd5 cxd5 5. d4 Bf5 6. Bg2 e6 7. Nf3 h6 8. Qb3 Qc8 9. 0-0 Be7 10. Bf4 a6 11. Rac1 Nc6 12. Ne5 Nxd4 13. Qa4+ Nc6 14. Nxc6 Qxc6 15. Qxc6+ bxc6 16. Na4 Nd7 17. Rxc6 0-0 18. Rfc1 g5 19. Bd2 Ne5 20. Rc7 Bd6 21. Rb7 Rfb8 22. Rxb8+ Rxb8 23. Bc3 Rc8 24. Bd2 Rxc1+ 25. Bxc1 Bc2 26. Nc3 f5 27. e3 Nd3 28. Bd2 Nxb2 29. Bf1 Nc4 30. Bc1 Bb4 31. Ne2 Bb1 32. Nd4 Kf7 33. Bxc4 dxc4 34. Nc6 Bc3 35. Nb8 a5 36. a3 Ke7 37. Nc6+ Kd6 38. Nd4 Bxd4 39. exd4 Kd5 40. Kf1 Kxd4 41. Ke2 Bd3+ 42. Kd1 a4 43. Be3+ Ke4 44. Kd2 f4 45. Bc5 Kd5 46. Bb4 Ke4 47. Bc5 h5 48. gxf4 gxf4 49. Bb4 Kf3 50. Bc5 Kg2 51. Bd6 f3 52. Bg3 e5 53. Ke3 e4 54. Kd2 h4 55. Bxh4 Kxh2 56. Bg3+ Kg1 57. Bh4 Kg2 58. Bg3 Kh3 59. Bf4 Kg4 60. Bg3 Kf5 61. Bd6 Ke6 62. Bc5 Ke5 63. Be3 1/2-1/2

[Event "Sant Adria 7th"]
[Site "Sant Adria de Besos"]
[Date "2011.06.12"]
[Round "7.5"]
[White "Ventura Solans, Victor"]
[Black "Guevara Pijoan, Josep"]
[Result "0-1"]
[WhiteElo "1715"]
[BlackElo "2136"]
[PlyCount "84"]
[EventDate "2011.05.01"]
[EventType "swiss"]
[EventRounds "8"]
[EventCountry "ESP"]
[SourceTitle "EXT 2024"]
[Source "ChessBase"]
[SourceDate "2023.10.10"]
[SourceVersion "1"]
[SourceVersionDate "2023.10.10"]
[SourceQuality "1"]

1. d4 f5 2. g3 Nf6 3. Bg2 g6 4. Nf3 Bg7 5. c4 0-0 6. 0-0 d6 7. Nc3 Qe8 8. Re1 Qf7 9. b3 Ne4 10. Nd5 e6 11. Nb4 Nd7 12. Ng5 Qf6 13. Nxe4 fxe4 14. Be3 a5 15. Nc2 d5 16. c5 c6 17. f3 exf3 18. exf3 e5 19. dxe5 Qxe5 20. Bd4 Qf5 21. Bxg7 Kxg7 22. Nd4 Qf6 23. Ne6+ Kg8 24. Nxf8 Qxf8 25. Rc1 Nxc5 26. Qd4 b6 27. Re3 Bd7 28. Rce1 Qg7 29. Qf4 Bf5 30. Re7 Qf8 31. Qh4 h6 32. g4 Bd7 33. Qg3 Rd8 34. g5 h5 35. Bh3 Be8 36. Be6+ Nxe6 37. R1xe6 Bf7 38. Re3 d4 39. R3e5 d3 40. Qe1 d2 41. Qd1 Bd5 42. Qxd2 Qxf3 0-1

[Event "Llinars del Valles op-B 5th"]
[Site "Llinars del Valles"]
[Date "2011.06.04"]
[Round "7"]
[White "Ventura Solans, Victor"]
[Black "Garcia Pitarch, Raul"]
[Result "1-0"]
[WhiteElo "1715"]
[BlackElo "1411"]
[PlyCount "65"]
[EventDate "2011.04.30"]
[EventType "swiss"]
[EventRounds "7"]
[EventCountry "ESP"]
[SourceTitle "EXT 2012"]
[Source "ChessBase"]
[SourceDate "2011.11.24"]
[SourceVersion "1"]
[SourceVersionDate "2011.11.24"]
[SourceQuality "1"]

1. d4 Nf6 2. c4 d6 3. Nc3 g6 4. e4 Bg7 5. f3 0-0 6. Be3 Nbd7 7. Qd2 c5 8. d5 Ne5 9. Bh6 Bd7 10. Bxg7 Kxg7 11. h3 Rb8 12. f4 Nxc4 13. Bxc4 b5 14. Bd3 b4 15. Nce2 Qc7 16. b3 a5 17. Nf3 a4 18. 0-0 e6 19. dxe6 fxe6 20. e5 dxe5 21. Nxe5 Bb5 22. Bxb5 Rxb5 23. bxa4 Ra5 24. Qc2 Nd5 25. Qb2 Kg8 26. Ng4 h5 27. Ne5 Qg7 28. Rf3 Rxa4 29. Rg3 Ne7 30. Rd1 Kh7 31. Rd7 Rf6 32. Qc2 Kh6 33. Qxa4 1-0

[Event "Sant Adria 7th"]
[Site "Sant Adria de Besos"]
[Date "2011.05.01"]
[Round "1.3"]
[White "Ventura Solans, Victor"]
[Black "Fernandez Diaz Mascort, Miguel"]
[Result "0-1"]
[WhiteElo "1715"]
[BlackElo "2218"]
[PlyCount "90"]
[EventDate "2011.05.01"]
[EventType "swiss"]
[EventRounds "8"]
[EventCountry "ESP"]
[SourceTitle "EXT 2024"]
[Source "ChessBase"]
[SourceDate "2023.10.10"]
[SourceVersion "1"]
[SourceVersionDate "2023.10.10"]
[SourceQuality "1"]

1. d4 c5 2. d5 g6 3. c4 d6 4. e4 Nf6 5. Nc3 Bg7 6. f3 0-0 7. Be3 a6 8. Qd2 e6 9. Bh6 Nxe4 10. Nxe4 Qh4+ 11. g3 Qxh6 12. Qxh6 Bxh6 13. Nxd6 exd5 14. Nxc8 Rxc8 15. cxd5 Nd7 16. Kf2 Nf6 17. Bc4 b5 18. Bb3 c4 19. Bc2 Nxd5 20. Be4 Rd8 21. Ne2 f5 22. Bxd5+ Rxd5 23. Rad1 Rad8 24. Rxd5 Rxd5 25. f4 Bg7 26. b3 c3 27. Rc1 Rd2 28. a3 Ra2 29. Ke3 Rxa3 30. b4 a5 31. bxa5 b4 32. Kd3 Rxa5 33. Rb1 Rd5+ 34. Ke3 Bf8 35. Ra1 Bc5+ 36. Kf3 Rd3+ 37. Kg2 Rd2 38. Kf1 Kf7 39. Ke1 Rb2 40. Rd1 c2 41. Rd3 b3 42. Nc1 Bb4+ 43. Ke2 Rb1 44. Rxb3 Rxc1 45. Rxb4 Re1+ 0-1

[Event "Cerdanyola del Valles op 28th"]
[Site "Cerdanyola del Valles"]
[Date "2010.10.16"]
[Round "3"]
[White "Rebull Camarasa, Ramon"]
[Black "Ventura Solans, Victor"]
[Result "1-0"]
[WhiteElo "1857"]
[BlackElo "1746"]
[PlyCount "91"]
[EventDate "2010.10.02"]
[EventType "swiss"]
[EventRounds "7"]
[EventCountry "ESP"]
[SourceTitle "EXT 2012"]
[Source "ChessBase"]
[SourceDate "2011.11.24"]
[SourceVersion "1"]
[SourceVersionDate "2011.11.24"]
[SourceQuality "1"]

1. e4 e5 2. Nf3 Nc6 3. d4 exd4 4. Bc4 h6 5. Nxd4 Bc5 6. Nxc6 Qf6 7. Be3 Bxe3 8. fxe3 dxc6 9. Rf1 Qh4+ 10. g3 Qxe4 11. Bxf7+ Ke7 12. Qd4 Qxd4 13. exd4 Nf6 14. Bg6 Bg4 15. Nd2 Rhf8 16. Nc4 Nd5 17. Kd2 Rxf1 18. Rxf1 Rf8 19. Rxf8 Kxf8 20. Ne5 Nf6 21. Nxg4 Nxg4 22. Bf5 Nf6 23. Bc8 b6 24. Bb7 c5 25. dxc5 bxc5 26. Kd3 Ke7 27. Kc4 Kd6 28. Kb5 Ng4 29. Ka6 Nxh2 30. Kxa7 Nf1 31. a4 Ne3 32. a5 Nxc2 33. Be4 Nb4 34. Kb7 c6 35. a6 Nxa6 36. Kxa6 c4 37. Kb6 c5 38. Kb5 Ke5 39. Bg6 Kd4 40. g4 c3 41. bxc3+ Kxc3 42. Kxc5 Kd2 43. Kd4 Ke2 44. Ke4 Kf2 45. Kf5 Kg3 46. Bh5 1-0